| 000 | 00596nam a22002417a 4500 | ||
|---|---|---|---|
| 003 | UA-OsUOA | ||
| 001 | 22836 | ||
| 007 | ta | ||
| 008 | 20031225b un ||||| |||| 00| 0 ukr d | ||
| 100 | _aБіленко Т. | ||
| 090 |
_a2 (091)(477) _bБ11 |
||
| 942 | _cBK | ||
| 040 |
_aUA-OsUOA _bukr _cUA-OsUOA _dUA-OsUOA |
||
| 245 | _aФеномен слова в християнському культі України | ||
| 300 | _a94 с. | ||
| 955 | _a0 | ||
| 041 | _aukr | ||
| 080 | _a2 (091)(477) | ||
| 260 |
_aДрогобич _c1993 |
||
| 044 | _aUA | ||
| 650 | 7 | _2UDC | |
| 999 |
_c309066 _d309066 |
||